| 000 | 01531aab a2200205 i 4500 | ||
|---|---|---|---|
| 001 | 768714001 | ||
| 003 | CO-MdFUSB | ||
| 005 | 20250804145050.0 | ||
| 008 | 221006s2015 ag ||||| |||| 00| 0 spa d | ||
| 040 |
_bspa _cCO-MdFUSB _dCO-MdFUSB |
||
| 041 | _aspa | ||
| 100 | 1 |
_aHofmeyr, J. W. _eautor |
|
| 245 | 1 | 0 |
_aCristianismo y sociedad : _bel caso sudafricano _c/ J. W. Hofmeyr |
| 300 |
_aVolumen 14, número 1 (enero - marzo, 1995), páginas: 6 - 13 _c; 27 cm |
||
| 520 | _aEn la conferencia dictada en la Universidad de Sudáfrica el profesor G.J. Pillay alegó que el curso de la historia del cristianismo en Sudáfrica las iglesias han interactuado con la sociedad de maneras muy diferentes. Se refirió a cuatro tipos de interacción: testimonio público, el desarrollo y la capacitación sociales, el fortalecimiento del poder social de los desheredados y el establecimiento de la vida comunitaria. El presente estudio intenta mostrar cómo estos cuatro tipos de interacción sugeridos por Pillay se han dado durante un periodo formativo de la historia de la República de Sudáfrica, es decir, durante la democratización del país, de 1990a 1994. En la primera sección enfocaremos el escenario de esa interacción; en la segunda relacionaremos los cuatro tipos de interacción con la experiencia de las iglesias en este periodo. | ||
| 650 | 7 |
_aCristianismo _922 |
|
| 773 | 0 |
_tIglesia y Misión _049402 _959644 _gVolumen 14, número 1 (enero - marzo, 1995), páginas: 6 - 13 _qpágina: 6 |
|
| 942 | _cANA | ||
| 945 | _aJTF-925 | ||
| 999 |
_c52117 _d52117 |
||